01277cam a2200325 a 450000100100000000500170001000800410002702000150006803500190008304000330010204100360013508200240017124500750019525000110027026000340028130000410031550000210035665000650037765000650044270000250050770000340053270000280056670000350059491000280062991000070065704900090066495201280067395201330080199900170093400001190520200929162619.0950817s2000 maua 001 0 spa d a0073655198 a(DLC) 95036110 aDO-SdBNPbspaengcDLCdBNPHU17aspaeng2Código de idioma MARC a468.2421bQ3t, 200000aQué te parece? :bintermediate spanish /cJames F. Lee ... [et al.]. a2a ed. aBoston :bMcGraw-Hill,c2000. axxviii, 360, A54 p. :bil. ;c26 cm. aIncluye índice 4aEspañolxLibros de texto para extranjerosxInglés918613 4aInglésxLibros de texto para extranjerosxEspañol9281571 aLee, James F.9281581 aYoung, Dolli Jesusita.9281591 aWolf, Darlene F.9281601 aChandler, Paul Michael.928161 aCatalogación derivada aWM aBNGR 001052708MOaGRbGRcHDd2009-10-29iLF1l0o468.2421 Q3t, 2000p11905-10r2020-06-25w2020-06-25y2ZPréstamo interno 001053728MOaGRbGRcHDd2009-10-29iLF1l0o468.2421 Q3t, 2000p11905-20r2020-06-25te.2w2020-06-25y2ZPréstamo interno c11575d11575